000 00291nam a22001337a 4500
008 190306b xxu||||| |||| 00| 0 eng d
020 _a2740213206117
041 _aeng
080 _25th
_a316
100 _a50
101 _aSOC
245 _aWomen's Health
_cWorcester, N
942 _2udc
_cBK
999 _c54642
_d54642